| 000 | 00432nam a2200157 a 4500 | ||
|---|---|---|---|
| 005 | 20140412111427.0 | ||
| 008 | 090718s19uu xx 00 eng d | ||
| 020 | _a1-55268-582-9 | ||
| 050 |
_aTR(PS E _bWh55 1999 |
||
| 100 | _aCarmody, Colleen | ||
| 245 |
_aWhat comes out of an egg / _cColleen Carmody. |
||
| 260 |
_aCanada : _bScholastic, _c1999. |
||
| 300 | _a1v. unp. | ||
| 650 | _aAnimals hatched from egg | ||
| 999 |
_c106259 _d106259 |
||